000 00320nam a2200133Ia 4500
005 20260328104306.0
008 260328s9999||||xx |||||||||||||| ||und||
100 _aRiewoldt, Otta
245 0 _aRetail Design /
_cOtta Riewoldt
260 _bteNeues
300 _a240 p.
650 _aEDIFICIOS COMERCIALES
942 _cBK
999 _c10777
_d10777